Statistics for Mean girls

Click here to take the quiz!

General Stats

  • This quiz has been taken 67 times
  • The average score is 7 of 15

Answer Stats

HintAnswer% Correct
leader of aboveRegina George
97%
main characterCady Heron
84%
name of the popular group main character is accepted intoThe Plastics
82%
love interest of main characterAaron Samuels
69%
played by Amanda SeyfriedKaren Smith
68%
played by Lacey ChabertGretchen Wieners
58%
who played main characterLindsay Lohan
58%
who played leader of the groupRachel Mcadams
48%
maths teacherMrs Norbury
39%
love interest of leader of groupShane Oman
31%
who played maths teacherTina Fey
31%
principalPrincipal Duvall
29%
schoolNorth Shore High School
26%
gay character main character meetsDamian Leigh
16%
best friend of aboveJanis Ian-Dyke
8%

Score Distribution

Percentile by Number Answered

Percent of People with Each Score

Your Score History

You have not taken this quiz